| 000 | 00716nam a2200205Ia 4500 | ||
|---|---|---|---|
| 003 | OSt | ||
| 005 | 20251008113835.0 | ||
| 008 | 210210b2006 xxu||||| |||| 00| 0 eng d | ||
| 040 | _cAL | ||
| 041 | _aKannada | ||
| 082 | _aK894.8 SUBP | ||
| 100 |
_aSUBBANNA K V nenapina modala odu malike. _dಸುಬ್ಬಣ್ಣ ಕೆ ವಿ (ನೆನಪಿನ ಮೊದಲ ಓದು ಮಾಲಿಕೆ ). _9199011 |
||
| 245 |
_aPu Ti Na avara ayda kavitegalu. _bಪು ತಿ ನ ಅವರ ಆಯ್ದ ಕವಿತೆಗಳು |
||
| 260 |
_aHeggodu _bAkshara Prakashana _c2006 |
||
| 300 | _a108 | ||
| 650 |
_aPu Ti Narasimhachar _9199012 |
||
| 690 |
_aKannada Collections _9199013 |
||
| 906 | _a061565 | ||
| 942 |
_2ddc _cBK |
||
| 999 |
_c108181 _d108181 |
||